| 000 | 01115nam1a2200313 4500 | ||
|---|---|---|---|
| 001 | RU\NLR\ONL1\16404 | ||
| 005 | 20250807185151.0 | ||
| 035 | _a(NLR Aleph) 009645142 | ||
| 090 |
_a1202 _c1202 |
||
| 100 | _a20100325d1941 d y0rusy50 ca | ||
| 101 | 0 | _akom | |
| 102 | _aRU | ||
| 105 | _ay ||||||||| | ||
| 200 | 1 |
_aКоми литература _eхрестоматия средньой школаса _fП. П. Попов ред. улын |
|
| 210 |
_aСыктывкар _cКомигиз _d1941 |
||
| 215 | _d23 | ||
| 541 | 1 |
_aКоми литература _eхрестоматия для сред. шк. _zrus |
|
| 606 | 0 |
_9Хрестоматии _aКоми литература _2nlr-sh1 _2nlr-sh1 _3RU\NLR\auth\66554277 |
|
| 689 | 1 | _aШ5(2=Ко) я72 | |
| 702 | 1 |
_aПопов _bП. П. _gПолиевкт Павлович _4340 |
|
| 801 | 0 |
_aRU _bNLR _c20100325 _gPSBO |
|
| 852 |
_aNLR _jКоми-з./3-310 |
||
| 852 |
_aNLR _bОНЛ |
||
| 942 | _cBOOK | ||
| 945 | _aРоссийская национальная библиотека | ||
| 980 | _aNB | ||
| 980 | _aBV | ||